000 01556nam a22002417a 4500
005 20210325191923.0
008 s2543 th tha d
041 _atha
090 _aว U168 ว865ก 2543
100 0 _aวุฒิชัย พรพิบูลย์
245 1 0 _aการปฏิบัติการทางทหารของไทยในการรักษาสันติภาพร่วมกับองค์การสหประชาชาติ : ศึกษาเฉพาะกรณีการปฏิบัติภารกิจของทหารไทยในติมอร์ตะวันออก
260 3 _aกรุงเทพฯ :
_bวิทยาลัยป้องกันราชอาณาจักร,
_c2543
300 _a55 หน้า :
_b ภาพประกอบ ;
_c 28 ซม.
650 0 4 _aไทย -- ความร่วมมือทางทหารกับต่างประเทศ -- วิจัย
650 0 4 _aติมอร์ตะวันออก -- สงครามกลางเมือง -- วิจัย
650 0 4 _aทหาร -- การรักษาสันติภาพในติมอร์ตะวันออก -- วิจัย
650 0 4 _aทหาร -- การส่งกำลังบำรุง -- วิจัย
650 0 4 _aทหาร -- ไทย -- วิจัย
850 _aNALT
942 _cRSH
997 _c000000000029965
_kVC
998 _aNOOPIN
999 _c29965
_d29965